000 00461 a2200157 4500
999 _c2266
_d2266
020 _a8120701011
050 _aLB 1028 SID 1984
100 _aSidhu, Singh Kulbir.
_eAuthor
245 _aMethodology in education /
_cKulbir Singh Sidhu
264 _aNew Delhi:
_bSterling Publishers Private Limited,
_c2003.
300 _a308p. :
_bill.
500 _aIncludes contents page
650 _aEducation
650 _aResearch methods
942 _2lcc
_cBK
_h1028
_iSID
_kLB